Potret isteri yg hilang

Bibliographic Details
Format: Book

MARC

LEADER 00000cam a2200000 7i4500
001 0000009330
002 000010160
005 20000330.0
020 |a 9971730081 
090 0 0 |a 899.2313   |b SUR 
245 1 0 |a Potret isteri yg hilang 
999 |a 20220   |b BUKU   |c PINJAMAN   |e PERPUSTAKAAN KOMUNITI PETALING JAYA